Knižnice a vedecké informácie

Bibliographic Details
New Title:Knižnice a informácie
Format: Serial
Language:Slovak
PhysicalDescription:23 zv. 24 cm
Published: Martin Matica slovenská 1969-1991
ISSN:0322-807X
1210-096
Subjects:

MARC

LEADER 00000cas a2200000 a 4500
001 vtls001382099
003 SK-MaSNL
005 20260228160155.0
008 000202d19691991xo br 0 0b0slo c
022 |a 0322-807X 
035 |a SNK000336137 
040 |a SNK  |b slo  |c SNK  |d SAVUK  |e AACR2 
041 0 |a slo 
044 |a xo  |c SK 
072 7 |a 02  |x Knihovníctvo. Informatika  |2 konspekt 
080 |a 026/027  |2 2001 
080 |a 02  |2 2001 
080 |a (051)-027.561  |2 2001 
210 0 |a Kn. ved. inf. 
222 0 |a Knižnice a vedecké informácie 
245 0 0 |a Knižnice a vedecké informácie 
260 |a Martin  |b Matica slovenská  |c 1969-1991 
300 |a 23 zv.  |c 24 cm 
310 |a 6x ročne 
362 0 |a Roč. 1, č. 1 (1969)-roč. 23, č. 3 (1991) 
650 0 7 |a knižnice  |2 SNKPH  |9 17965 
650 0 7 |a knihovníctvo  |2 SNKPH  |9 1557 
655 7 |a odborné časopisy  |2 SNKPH  |9 70505 
785 0 0 |t Knižnice a informácie  |x 1210-096  |w vtls008877258 
910 |a savuk 
910 |a snk 
910 |a snmk 
916 |a 1969-1991 
999 |c 1802  |d 3732 
952 |0 0  |1 0  |4 0  |7 0  |a SNK  |b SNK  |d 2000-02-02  |f 1  |i snkČSP 879/70  |l 0  |o snkČSC 1562/1/1969  |p 17A0225786  |r 2005-01-02 00:00:00  |t č. 1-4  |w 2026-02-21  |y PREZ 
952 |0 0  |1 0  |4 0  |7 0  |a SNK  |b SNK  |d 2000-08-04  |l 0  |o snkČSC 1562/21/1989 D1  |p 17A0248061  |r 2005-01-02 00:00:00  |t č. 1-6  |w 2026-02-21  |y PREZ 
952 |0 0  |1 0  |4 0  |7 0  |a SNK  |b SNK  |d 2002-01-02  |l 0  |o snkČSC 1562/22/1990 D1  |p 17A0327258  |r 2005-01-02 00:00:00  |t č. 1-6  |w 2026-02-21  |y PREZ 
952 |0 0  |1 0  |4 0  |7 0  |a SNK  |b SNK  |d 2004-03-22  |f 1  |i snkČSP 2136/93  |l 0  |o snkČSC 1562/23/1991  |p 17A0423811  |r 2005-01-02 00:00:00  |t č. 1-6  |w 2026-02-21  |y PREZ 
952 |0 0  |1 0  |4 0  |7 0  |a SNK  |b SNK  |d 2005-04-22  |i snkČSP 2125/83  |l 0  |o snkČSC 1562/15/1983 D1  |p 17A0466932  |r 2026-02-21 19:41:16  |t č. 1-6  |w 2026-02-21  |y PREZ 
952 |0 0  |1 0  |4 0  |7 0  |a SNK  |b SNK  |d 2005-12-16  |i snkČSP 80/82  |l 0  |o snkČSC 1562/13/1981 D1  |p 17A0492306  |r 2026-02-21 19:41:56  |t č. 1-6  |w 2026-02-21  |y PREZ 
952 |0 0  |1 0  |4 0  |7 0  |a SNK  |b SNK  |d 2009-07-27  |i snkČSP 612/81  |l 0  |o snkČSC 1562/12/1980 D1  |p 17A0626063  |r 2026-02-21 19:42:14  |t č. 1-6 + reg.  |w 2026-02-21  |y PREZ 
952 |0 0  |1 0  |4 0  |7 0  |a SNK  |b SNK  |d 2006-09-27  |i snkČSP 611/77  |l 0  |o snkČSC 1562/8/1976 D1  |p 17A0519742  |r 2026-02-21 20:08:43  |t č. 1-4, obsah  |w 2026-02-21  |y PREZ 
952 |0 0  |1 0  |3 rekatalogizácia  |4 0  |7 0  |a SNK  |b SNK  |d 2007-04-21  |f 1  |i snkČSP 143/83  |l 0  |o snkČSC 1562/14/1982  |p 17A0546369  |r 2026-02-21 20:08:46  |t č. 1-6  |w 2026-02-21  |y PREZ 
952 |0 0  |1 0  |4 0  |7 0  |a SNK  |b SNK  |d 2013-02-27  |i snkČSP 1358/89  |l 0  |o snkČSC 1562/19/1987 D1  |p 17A1052800  |r 2026-02-21 20:13:58  |t č. 1-6  |w 2026-02-21  |y PREZ 
952 |0 0  |1 0  |4 0  |7 0  |a SNK  |b SNK  |d 2005-04-07  |f 1  |i snkČSP 2124/83  |l 0  |o snkČSC 1562/15/1983  |p 17A0466318  |r 2026-02-21 20:16:40  |t č. 1-6  |w 2026-02-21  |y PREZ 
952 |0 0  |1 0  |4 0  |7 0  |a SNK  |b SNK  |d 2006-09-25  |i snkČSP 880/71  |l 0  |o snkČSC 1562/2/1970 D1  |p 17A0519883  |r 2026-02-21 20:18:15  |t č. 1-4  |w 2026-02-21  |y PREZ 
952 |0 0  |1 0  |4 0  |7 0  |a SNK  |b SNK  |d 2006-09-25  |i snkČSP 182/73  |l 0  |o snkČSC 1562/3/1971 D1  |p 17A0519886  |r 2026-02-21 20:18:16  |t č. 1-4  |w 2026-02-21  |y PREZ 
952 |0 0  |1 0  |4 0  |7 0  |a SNK  |b SNK  |d 2006-09-25  |i snkČSP 432/74  |l 0  |o snkČSC 1562/2/1970 D2  |p 17A0519706  |r 2026-02-21 20:18:16  |t č. 1-4  |w 2026-02-21  |y PREZ 
952 |0 0  |1 0  |4 0  |7 0  |a SNK  |b SNK  |d 2006-09-25  |i snkČSP 1439/74  |l 0  |o snkČSC 1562/5/1973 D1  |p 17A0519741  |r 2026-02-21 20:18:16  |t č. 1-4  |w 2026-02-21  |y PREZ 
952 |0 0  |1 0  |4 0  |7 0  |a SNK  |b SNK  |d 2006-09-27  |i snkČSP 1261/75  |l 0  |o snkČSC 1562/6/1974 D1  |p 17A0519666  |r 2026-02-21 20:18:21  |t č. 1-4, reg.  |w 2026-02-21  |y PREZ 
952 |0 0  |1 0  |4 0  |7 0  |a SNK  |b SNK  |d 2006-09-27  |i snkČSP 683/76  |l 0  |o snkČSC 1562/7/1975 D1  |p 17A0519670  |r 2026-02-21 20:18:21  |t č. 1-4, reg.  |w 2026-02-21  |y PREZ 
952 |0 0  |1 0  |4 0  |7 0  |a SNK  |b SNK  |d 2006-09-27  |i snkČSP 1127/77  |l 0  |o snkČSC 1562/9/1977 D1  |p 17A0519743  |r 2026-02-21 20:18:21  |t č. 1-6  |w 2026-02-21  |y PREZ 
952 |0 0  |1 0  |4 0  |7 0  |a SNK  |b SNK  |d 2007-11-08  |f 1  |i snkČSP 1440/74  |l 0  |o snkČSC 1562/5/1973  |p 17A0565950  |r 2026-02-21 20:21:16  |t č. 1-4  |w 2026-02-21  |y PREZ 
952 |0 0  |1 0  |4 0  |7 0  |a SNK  |b SNK  |d 2007-11-08  |f 1  |i snkČSP 802/72  |l 0  |o snkČSC 1562/3/1971  |p 17A0565866  |r 2026-02-21 20:21:16  |t č. 1-4  |w 2026-02-21  |y PREZ 
952 |0 0  |1 0  |4 0  |7 0  |a SNK  |b SNK  |d 2007-11-08  |f 1  |i snkČSP 431/74  |l 0  |o snkČSC 1562/4/1972  |p 17A0565853  |r 2026-02-21 20:21:16  |t č. 1-4  |w 2026-02-21  |y PREZ 
952 |0 0  |1 0  |4 0  |7 0  |a SNK  |b SNK  |d 2007-11-08  |f 1  |i snkČSP 881/71  |l 0  |o snkČSC 1562/2/1970  |p 17A0565854  |r 2026-02-21 20:21:16  |t č. 1-4  |w 2026-02-21  |y PREZ 
952 |0 0  |1 0  |4 0  |7 0  |a SNK  |b SNK  |d 2007-11-08  |f 1  |i snkČSP 610/77  |l 0  |o snkČSC 1562/8/1976  |p 17A0565870  |r 2026-02-21 20:21:16  |t č. 1-4  |w 2026-02-21  |y PREZ 
952 |0 0  |1 0  |4 0  |7 0  |a SNK  |b SNK  |d 2007-11-08  |f 1  |i snkČSP 1126/77  |l 0  |o snkČSC 1562/9/1977  |p 17A0565871  |r 2026-02-21 20:21:16  |t č. 1-6  |w 2026-02-21  |y PREZ 
952 |0 0  |1 0  |4 0  |7 0  |a SNK  |b SNK  |d 2007-11-08  |f 1  |i snkČSP 868/78  |l 0  |o snkČSC 1562/10/1978  |p 17A0565872  |r 2026-02-21 20:21:16  |t č. 1-6  |w 2026-02-21  |y PREZ 
952 |0 0  |1 0  |4 0  |7 0  |a SNK  |b SNK  |d 2007-11-08  |f 1  |i snkČSP 611/81  |l 0  |o snkČSC 1562/12/1980  |p 17A0565901  |r 2026-02-21 20:21:16  |t č. 1-6  |w 2026-02-21  |y PREZ 
952 |0 0  |1 0  |4 0  |7 0  |a SNK  |b SNK  |d 2014-03-05  |f 1  |i snkČSP 79/82  |l 0  |o snkČSC 1562/13/1981  |p 17A0816057  |r 2026-02-21 20:23:40  |t č. 1-6  |w 2026-02-21  |y PREZ 
952 |0 0  |1 0  |3 rekatalogizácia  |4 0  |7 0  |a SNK  |b SNK  |d 2007-03-19  |f 1  |i snkČSP 1357/89  |l 0  |o snkČSC 1562/19/1987  |p 17A0542194  |r 2026-02-21 20:27:19  |t č. 1-6  |w 2026-02-21  |y PREZ 
952 |0 0  |1 0  |3 rekatalogizácia  |4 0  |7 0  |a SNK  |b SNK  |d 2007-07-16  |i snkČSP 426/80  |l 0  |o snkČSC 1562/11/1979 D1  |p 17A0557126  |r 2026-02-21 20:27:54  |t č. 1-6  |w 2026-02-21  |y PREZ 
952 |0 0  |1 0  |3 rekatalogizácia  |4 0  |7 0  |a SNK  |b SNK  |d 2007-07-19  |f 1  |i snkČSP 1789/84  |l 0  |o snkČSC 1562/16/1984  |p 17A0654971  |r 2026-02-21 20:27:59  |t č. 1-6  |w 2026-02-21  |y PREZ 
952 |0 0  |1 0  |3 rekatalogizácia  |4 0  |7 0  |a SNK  |b SNK  |d 2007-07-25  |i snkČSP 869/78  |l 0  |o snkČSC 1562/10/1978 D1  |p 17A0654983  |r 2026-02-21 20:28:08  |t č. 1-6  |w 2026-02-21  |y PREZ 
952 |0 0  |1 0  |3 rekatalogizácia  |4 0  |7 0  |a SNK  |b SNK  |d 2008-06-18  |f 1  |i snkČSP 3489/87  |l 0  |o snkČSC 1562/18/1986  |p 17A0588249  |r 2026-02-21 20:29:13  |t č. 1-6  |w 2026-02-21  |y PREZ 
952 |0 0  |1 0  |4 0  |7 0  |a SNK  |b SNK  |d 2014-03-05  |f 1  |i snkČSP 317/92  |l 0  |o snkČSC 1562/22/1990  |p 17A0816058  |r 2026-02-21 20:30:10  |t č. 1-6  |w 2026-02-21  |y PREZ 
952 |0 0  |1 0  |4 0  |7 0  |a SNK  |b SNK  |d 2005-03-02  |i snkČSP 220/86  |l 0  |o snkČSC 1562/17/1985 D1  |p 17A0459642  |r 2026-02-21 20:41:40  |t č. 1-6  |w 2026-02-21  |y PREZ 
952 |0 0  |1 0  |4 0  |7 0  |a SNK  |b SNK  |d 2001-08-13  |l 0  |o snkČSC 1562/18/1986 D1  |p 17A0309155  |r 2005-01-02 00:00:00  |t č. 1-6  |w 2026-02-21  |y PREZ 
952 |0 0  |1 0  |4 0  |7 0  |a SNK  |b SNK  |d 2002-10-21  |f 1  |i snkČSP 4847/89  |l 0  |o snkČSC 1562/20/1988  |p 17A0360522  |r 2005-01-02 00:00:00  |t č. 1-6  |w 2026-02-21  |y PREZ 
952 |0 0  |1 0  |4 0  |7 0  |a SNK  |b SNK  |d 2003-03-17  |f 1  |i snkČSP 219/86  |l 0  |o snkČSC 1562/17/1985  |p 17A0379087  |r 2005-01-02 00:00:00  |t č. 1-6  |w 2026-02-21  |y PREZ 
952 |0 0  |1 0  |4 0  |7 0  |a SNK  |b SNK  |d 2005-04-06  |i snkČSP 1790/84  |l 0  |o snkČSC 1562/16/1984 D1  |p 17A0462019  |r 2026-02-21 20:59:52  |t č. 1-6 + reg.  |w 2026-02-21  |y PREZ 
952 |0 0  |1 0  |3 rekatalogizácia  |4 0  |7 0  |a SNK  |b SNK  |d 2008-05-19  |i snkČSP 880/70  |l 0  |o snkČSC 1562/1/1969 D1  |p 17A0585271  |r 2026-02-21 21:12:23  |t č. 1-4  |w 2026-02-21  |y PREZ 
952 |0 0  |1 0  |4 0  |7 0  |a SNK  |b SNK  |d 2005-04-16  |i snkČSP 2137/93  |l 0  |o snkČSC 1562/23/1991 D1  |p 17A0466477  |r 2026-02-21 21:20:56  |t č. 1-6  |w 2026-02-21  |y PREZ 
952 |0 0  |1 0  |4 0  |7 0  |a SNK  |b SNK  |d 2005-04-07  |f 1  |i snkČSP 4899/90  |l 0  |o snkČSC 1562/21/1989  |p 17A0466418  |r 2026-02-21 21:21:29  |t č. 1-6  |w 2026-02-21  |y PREZ 
952 |0 0  |1 0  |4 0  |7 0  |a SNK  |b SNK  |d 1997-01-21  |f 1  |i snkČSP 1260/75  |l 0  |o snkČSC 1562/6/1974  |p 17A0032457  |r 2005-01-01 00:00:00  |t č. 1-4  |w 2026-02-21  |y PREZ 
952 |0 0  |1 0  |4 0  |7 0  |a SNK  |b SNK  |d 2004-07-01  |f 1  |i snkČSP 684/76  |l 0  |o snkČSC 1562/7/1975  |p 17A0433464  |r 2005-01-01 00:00:00  |t č. 1-4  |w 2026-02-21  |y PREZ 
952 |0 0  |1 0  |4 0  |7 0  |a SNK  |b SNK  |d 2000-04-06  |f 1  |i snkČSP 425/80  |l 0  |o snkČSC 1562/11/1979  |p 17A0233374  |r 2005-01-02 00:00:00  |t č. 1-6  |w 2026-02-21  |y PREZ